000 00799nam a2200205 a 4500
001 000041461
005 20201002034917.0
008 131007s1996 sp 000 0 spa d
020 _a8400076206
040 _aDO-SdBNP
_bspa
_cBNPHU
082 _axxx
_bG527e
100 1 _aGirón Sierra, Alvaro
_968133
245 1 0 _aEvolucionismo y Anarquismo en España 1882-1914 /
_cAlvaro Girón Sierra.
260 _aMadrid :
_bConsejo Superior de Investigaciones Científicas, Centro de Estudios Históricos,
_c1996.
300 _aviii, 217 p. ;
_c18 cm.
490 1 _aCuadernos Galileo de historia de la ciencia
_v15
500 _aIncluye referencias bibliográficas y notas al pie de las páginas.
504 _aBibliografía: p. 209-217
830 0 _aCuadernos Galileo de historia de la ciencia
_n15
_968134
999 _c40951
_d40951